000
00334nam a2200145Ia 4500
008
090122s9999 xx 000 0 und d
082
_b
4355
_a
W:6:(E)
100
_a
Madani
_b
Minoo
245
_a
Is JP the Answer
600
_a
Madani
630
_a
Is JP the Answer
700
_a
Madani
730
_a
Is JP the Answer
942
_c
BOOK
999
_c
28433
_d
28433